| 000 | 00593nam a2200205 i 4500 | ||
|---|---|---|---|
| 001 | 77329 | ||
| 003 | ES-MaACL | ||
| 005 | 20230906173151.0 | ||
| 007 | t| | ||
| 008 | 041008s1978 sp ||||1| spa d | ||
| 245 | 0 | 0 |
_aHacia la física y la química / _cJosé M. Esteban ... [et al.]. |
| 250 | _a[1ª ed., 2ª reimp.]. | ||
| 260 |
_a[Madrid] : _bAlhambra, _c[1978] |
||
| 300 |
_aVIII, 448 p. : _bil. ; _c26 cm. |
||
| 490 | 1 | _aProyecto MT-62 | |
| 700 | 1 |
_aEsteban, José M. _948035 |
|
| 830 | 0 |
_aProyecto MT-62 _9183547 |
|
| 852 |
_aES-MaACL _jA-9238 _bR.98234 |
||
| 999 |
_c77329 _d77329 |
||